Statistics for Hayao Miyazaki Films

Click here to take the quiz!

General Stats

  • This quiz has been taken 29 times
  • The average score is 8 of 11

Answer Stats

YearAnswer% Correct
2001Spirited Away
92%
2004Howl's Moving Castle
88%
1988My Neighbor Totoro
88%
1986Castle in the Sky
84%
2008Ponyo
80%
1989Kiki's Delivery Service
76%
1992Porco Rosso
72%
1997Princess Mononoke
72%
1984Nausicaä of the Valley of the Wind
60%
2013The Wind Rises
52%
1979The Castle of Cagliostro
36%

Score Distribution

Percentile by Number Answered

Percent of People with Each Score

Your Score History

You have not taken this quiz